000 00411nam a2200181Ia 4500
001 15331
005 20260306170148.0
008 260306t2016||||xx |||||||||||||| ||und||
041 _aESP
082 _a532
_bF369
100 _aFox, Robert W.
_eAUT
245 0 _aFluid mechanics
260 _c2016
300 _axii, 644 páginas :
_c28 cm.
650 _aGEN
654 _aCCN
942 _cLIB
_dJUS
_fJUS
_2ddc
_n
999 _c15331
_d15331